000 00560nam a22001937a 4500
999 _c167457
_d167457
005 20190904120144.0
010 _aENG-126407
020 _c125.00
_a978-93-50330-05-0
035 _aEN-109939
037 _bDBAD/PUB
082 _aN
100 _aChesterton,G.K.
245 _aThe Innocence Of Father Brown /
_cby G.K.Chesterton
260 _aNoida
_bMaple Press
_c2018
270 _bNoida
_aH-205, Sector -63
_e201307
_k(0120)-4267184
_minfo@maplepress.co.in
_l4267183
300 _a280p.
_c22cm(pbk)
650 _aEnglish Novel
942 _2ddc
_cEN
_hN
_mCHE